000 00459nam a2200157 4500
999 _c5405
_d5405
008 161025b xxu||||| |||| 00| 0 eng d
022 _a9770118389007
082 _aDPer 641.05 F73 Mar-Nov 2012
100 _916674
_aLaureta, Aila
245 _aKitchen laundry basics/
_cAila Laureta.
260 _aQuezon City:
_bABS CBN Publishing, Inc.,
_c©2012.
300 _apage 49;
_c30 cm.
500 _aFood.
650 0 _916675
_aLaundry
942 _2ddc
_cPER